00196nam a2200073Ia 4500008004100000082000800041100001800049245005500067240331s9999 xx 000 0 und d bCOO aCooray, J.A.L 0aConstitutional and administrative law of Sri Lanka